| 000 | 01446cam a2200397 i 4500 | ||
|---|---|---|---|
| 001 | 200444734 | ||
| 999 |
_c200444734 _d62946 |
||
| 003 | TR-AnTOB | ||
| 005 | 20241010130951.0 | ||
| 007 | ta | ||
| 008 | 720321s1972 ilua b 001 0 eng | ||
| 010 | _a72168298 | ||
| 035 | _a(OCoLC)278497 | ||
| 035 | _a(TR-AnTOB) | ||
| 040 |
_aDLC _beng _erda _cDLC _dOCL _dEEM _dUtOrBLW _dTR-AnTOB |
||
| 041 | 0 | _aeng | |
| 050 | 0 | 0 |
_aHF5429 _b.D83 1972 |
| 090 |
_aTOBBK HF5429 _b.D83 1972 |
||
| 099 | _a658.87 DUN 1972 | ||
| 100 | 1 |
_aDuncan, Delbert J. _eauthor _9133568 |
|
| 245 | 1 | 0 |
_aModern retailing management : _bbasic concepts and practices / _c[by] Delbert J. Duncan, Charles F. Phillips [and] Stanley C. Hollander. |
| 250 | _aEighth edition. | ||
| 264 | 1 |
_aHomewood, Ill. : _bR.D. Irwin, _c1972. |
|
| 300 |
_axix, 703 pages : _billustrations ; _c24 cm |
||
| 336 |
_atext _btxt _2rdacontent |
||
| 337 |
_aunmediated _bn _2rdamedia |
||
| 338 |
_avolume _bnc _2rdacarrier |
||
| 500 | _aFirst-7th edition published under title: Retailing principles and methods. | ||
| 590 | _aMSU Stanley C. and Selma D. Hollander Faculty Book Collection. | ||
| 650 | 0 |
_aRetail trade _xManagement _93540 |
|
| 650 | 0 |
_aRetail trade _9133569 |
|
| 700 | 1 |
_aPhillips, Charles F. _q(Charles Franklin), _d1910-1998 _eauthor _9133570 |
|
| 700 | 1 |
_aHollander, Stanley C. _q(Stanley Charles), _d1919-2004 _eauthor _9133571 |
|
| 942 |
_2z _cBK |
||